| 000 | 00548nam a2200205Ia 4500 | ||
|---|---|---|---|
| 005 | 20240115114134.0 | ||
| 008 | 131103s9999 xx 000 0 und d | ||
| 040 | _aLoreto College | ||
| 041 | _aEnglish | ||
| 082 |
_a370 _bGRI |
||
| 100 | _aGriswold, A. Whitney | ||
| 245 |
_aLiberal Education and the Democratic Ideal, _b _cA. Whitney Griswold |
||
| 250 | _aand other essays | ||
| 260 |
_aNew Haven _bYale University Press _c1959 |
||
| 300 | _aix,136 p. | ||
| 650 | _aEducation | ||
| 651 | _aEducation | ||
| 850 | _aLCLIB | ||
| 942 | _cBK | ||
| 999 |
_c2939 _d53418 |
||